000
00276nam a22001217a 4500
020
_a
978-969-562-666-5
040
_c
CL
100
_a
Yasir Usman
_9
127822
245
_a
Rekha an kahi kahani
260
_a
Lahore:
_b
Fiction House,
_c
2019.
300
_a
174p.
942
_2
ddc
_c
BK
999
_c
612838
_d
612838